000 00239nam a2200121Ia 4500
100 _a#N/A
650 _aELECTRONICS
942 _cBK
654 _amicroprocessor
245 _amicroprocessor -5th edn
260 _b#N/A
546 _aENGLISH
999 _c33490
_d33490